000 00305nam a22001337a 4500
008 170505b xxu||||| |||| 00| 0 eng d
020 _a9780316507202
041 _aeng
080 _23 ED
_a34
100 _a14
101 _aSHJ
245 _aTHE PROCES LEGA RESEARCH
_cKUNZ.CH.L
942 _2udc
_cBK
999 _c12761
_d12761